Demostracion de la divinidad de la relijion: Obra aprobada por la autoridad eclesiástica i por la Universidad para testo de fundamentos de la relijion en los colejios de la República

Gespeichert in:
Bibliographische Detailangaben
1. Verfasser: Saavedra, Ramón
Format: Buch
Erschienen: Santiago Imprenta del Independiente 1868
Katalog:MANES:  Suchergebnis im Bibliothekskatalog
Schulbuchspezifische Eigenschaften:
Tags: Tag hinzufügen
Keine Tags, Fügen Sie den ersten Tag hinzu!
Hinzugefügt zu:29.11.1999
Geändert in:25.04.2025

MARC

LEADER 00000nam a22000007a 4500
005 20250425101437.0
008 spa
040 |a MGM 
561 |5 cl-MGM  |3 T 200 S111d 1868 c.1  |a Chile. Museo Gabriela Mistral  |k MANES 
999 |c 53327  |d 53327 
100 |9 22938  |a Saavedra, Ramón 
245 |a Demostracion de la divinidad de la relijion: Obra aprobada por la autoridad eclesiástica i por la Universidad para testo de fundamentos de la relijion en los colejios de la República 
260 |a Santiago  |b Imprenta del Independiente  |c 1868 
300 |a 354 p.  |c 13,5 x 21,5 cm. 
500 |a Ubicación local: T 200 S111d 1868 c.1 
546 |a Chile 
690 |a RyM 
691 |a SE 
942 |2 ddc  |c BK 
999 |c manes:53327  |d 53327